Normal view MARC view

Entry Personal Name

Number of records used in: 2

001 - CONTROL NUMBER

  • control field: 81676

003 - CONTROL NUMBER IDENTIFIER

  • control field: dpl

005 - DATE AND TIME OF LATEST TRANSACTION

  • control field: 20250604151019.0

008 - FIXED-LENGTH DATA ELEMENTS

  • fixed length control field: 250604|| aca||aabn | a|a d

040 ## - CATALOGING SOURCE

  • Original cataloging agency: dpl
  • Transcribing agency: dpl

100 ## - HEADING--PERSONAL NAME

  • Personal name: भारती, राकेश

670 ## - SOURCE DATA FOUND

  • Source citation: Work cat.: (dpl)211591: भारती, राकेश , गुप्तवंश की महागाथा/, 2021

© Delhi Public Library
Hit Counter
free hit counter